Draw all French Departments - Statistics

General Stats
  • This quiz has been taken 393 times
  • The average score is 138 of 237
Answers on the Map
Answers color-coded by a green-red scale on the quiz's map according to % correct below.
 
Answer Stats
Answer % Correct
Nord-Pas-de-Calais
80%
Finistère - Morbihan
77%
Finistère - Côtes-d'Armor
75%
Pas-de-Calais - Somme
75%
Calvados - Manche
73%
Côtes-d'Armor - Morbihan
73%
Côtes-d'Armor - Ille-et-Vilaine
72%
Morbihan - Ille-et-Vilaine
72%
Morbihan - Loire-Atlantique
72%
Paris - Val-de-Marne
72%
Seine-Maritime - Somme
72%
Aisne - Ardennes
70%
Bas-Rhin - Haut-Rhin
70%
Haute-Savoie - Savoie
70%
Seine-Saint-Denis - Paris
70%
Aisne - Somme
69%
Nord - Somme
69%
Oise - Somme
69%
Alpes-Maritimes - Var
68%
Calvados - Eure
68%
Ille-et-Vilaine - Manche
68%
Aisne - Nord
67%
Aisne - Oise
67%
Ardennes - Meuse
67%
Bas-Rhin - Moselle
67%
Calvados - Orne
67%
Gironde - Landes
67%
Landes - Pyrénées-Atlantiques
67%
Meurthe-et-Moselle - Moselle
67%
Meuse - Meurthe-et-Moselle
67%
Oise - Seine-Maritime
67%
Bouches-du-Rhône - Var
66%
Eure - Seine-Maritime
66%
Hauts-de-Seine - Paris
66%
Loire-Atlantique - Vendée
66%
Manche - Orne
66%
Oise - Val-d'Oise
66%
Alpes-de-Haute-Provence - Alpes-Maritimes
65%
Belfort - Haut-Rhin
65%
Charente - Charente-Maritime
65%
Eure - Oise
65%
Isère - Savoie
65%
Ain - Haute-Savoie
64%
Alpes-de-Haute-Provence - Hautes-Alpes
64%
Aude - Pyrénées-Orientales
64%
Belfort - Doubs
64%
Doubs - Jura
64%
Eure - Eure-et-Loir
64%
Eure - Orne
64%
Ille-et-Vilaine - Mayenne
64%
Loire-Atlantique - Ille-et-Vilaine
64%
Aisne - Marne
63%
Ardennes - Marne
63%
Aude - Hérault
63%
Bouches-du-Rhône - Gard
63%
Bouches-du-Rhône - Vaucluse
63%
Charente-Maritime - Gironde
63%
Charente-Maritime - Vendée
63%
Essonne - Yvelines
63%
Gard - Hérault
63%
Haute-Garonne - Hautes-Pyrénées
63%
Haute-Garonne - Tarn-et-Garonne
63%
Haute-Marne - Marne
63%
Hautes-Pyrénées - Pyrénées-Atlantiques
63%
Haute-Vienne - Vienne
63%
Haut-Rhin - Vosges
63%
Lot - Lot-et-Garonne
63%
Manche - Mayenne
63%
Mayenne - Orne
63%
Ain - Jura
62%
Aisne - Seine-et-Marne
62%
Ariège - Pyrénées-Orientales
62%
Eure - Val-d'Oise
62%
Eure - Yvelines
62%
Hautes-Alpes - Savoie
62%
Loire-Atlantique - Maine-et-Loire
62%
Marne - Meuse
62%
Mayenne - Sarthe
62%
Oise - Seine-et-Marne
62%
Orne - Sarthe
62%
Rhône - Isère
62%
Seine-Saint-Denis - Val-d'Oise
62%
Alpes-de-Haute-Provence - Var
61%
Alpes-de-Haute-Provence - Vaucluse
61%
Bas-Rhin - Vosges
61%
Eure-et-Loir - Orne
61%
Gard - Vaucluse
61%
Marne - Seine-et-Marne
61%
Meuse - Vosges
61%
Ain - Savoie
60%
Ariège - Haute-Garonne
60%
Cher - Loiret
60%
Dordogne - Gironde
60%
Essonne - Val-de-Marne
60%
Gers - Landes
60%
Haute-Garonne - Tarn
60%
Indre - Indre-et-Loire
60%
Landes - Lot-et-Garonne
60%
Meurthe-et-Moselle - Vosges
60%
Ain - Isère
59%
Ain - Rhône
59%
Ardèche - Vaucluse
59%
Ariège - Aude
59%
Aude - Haute-Garonne
59%
Charente-Maritime - Deux-Sèvres
59%
Dordogne - Lot-et-Garonne
59%
Drôme - Vaucluse
59%
Essonne - Loiret
59%
Essonne - Seine-et-Marne
59%
Gironde - Lot-et-Garonne
59%
Haute-Loire - Loire
59%
Loire - Rhône
59%
Maine-et-Loire - Mayenne
59%
Seine-et-Marne - Val-de-Marne
59%
Tarn - Tarn-et-Garonne
59%
Val-d'Oise - Yvelines
59%
Dordogne - Lot
58%
Essonne - Hauts-de-Seine
58%
Hautes-Alpes - Isère
58%
Hauts-de-Seine - Val-d'Oise
58%
Hauts-de-Seine - Yvelines
58%
Maine-et-Loire - Sarthe
58%
Seine-et-Marne - Seine-Saint-Denis
58%
Ardèche - Drôme
57%
Charente - Deux-Sèvres
57%
Deux-Sèvres - Vendée
57%
Drôme - Isère
57%
Essonne - Eure-et-Loir
57%
Gers - Haute-Garonne
57%
Gers - Hautes-Pyrénées
57%
Gers - Lot-et-Garonne
57%
Gers - Pyrénées-Atlantiques
57%
Gers - Tarn-et-Garonne
57%
Haute-Saône - Vosges
57%
Maine-et-Loire - Vendée
57%
Alpes-de-Haute-Provence - Drôme
56%
Ardèche - Gard
56%
Ardèche - Loire
56%
Charente - Dordogne
56%
Doubs - Haute-Saône
56%
Drôme - Hautes-Alpes
56%
Seine-et-Marne - Val-d'Oise
56%
Ain - Saône-et-Loire
55%
Allier - Loire
55%
Ardèche - Haute-Loire
55%
Aube - Marne
55%
Aude - Tarn
55%
Aveyron - Hérault
55%
Aveyron - Lozère
55%
Charente-Maritime - Dordogne
55%
Cher - Loir-et-Cher
55%
Corse-du-Sud - Haute-Corse
55%
Côte-d'Or - Haute-Saône
55%
Côte-d'Or - Jura
55%
Deux-Sèvres - Maine-et-Loire
55%
Deux-Sèvres - Vienne
55%
Eure-et-Loir - Sarthe
55%
Haute-Marne - Meuse
55%
Haute-Marne - Vosges
55%
Isère - Loire
55%
Lot-et-Garonne - Tarn-et-Garonne
55%
Lot - Tarn-et-Garonne
55%
Maine-et-Loire - Indre-et-Loire
55%
Seine-Saint-Denis - Val-de-Marne
55%
Ardèche - Isère
54%
Cantal - Puy-de-Dôme
54%
Charente - Vienne
54%
Corrèze - Creuse
54%
Eure-et-Loir - Yvelines
54%
Gard - Lozère
54%
Hauts-de-Seine - Seine-Saint-Denis
54%
Indre-et-Loire - Sarthe
54%
Loiret - Loir-et-Cher
54%
Maine-et-Loire - Vienne
54%
Aube - Seine-et-Marne
53%
Cantal - Corrèze
53%
Corrèze - Dordogne
53%
Côte-d'Or - Saône-et-Loire
53%
Eure-et-Loir - Loiret
53%
Haute-Saône - Jura
53%
Hérault - Tarn
53%
Jura - Saône-et-Loire
53%
Loire - Puy-de-Dôme
53%
Rhône - Saône-et-Loire
53%
Seine-et-Marne - Loiret
53%
Allier - Nièvre
52%
Allier - Puy-de-Dôme
52%
Aveyron - Gard
52%
Aveyron - Tarn
52%
Aveyron - Tarn-et-Garonne
52%
Belfort - Haute-Saône
52%
Charente - Haute-Vienne
52%
Cher - Indre
52%
Cher - Nièvre
52%
Corrèze - Lot
52%
Eure-et-Loir - Loir-et-Cher
52%
Haute-Marne - Haute-Saône
52%
Hauts-de-Seine - Val-de-Marne
52%
Indre - Vienne
52%
Loir-et-Cher - Sarthe
52%
Aube - Haute-Marne
51%
Aveyron - Cantal
51%
Côte-d'Or - Haute-Marne
51%
Côte-d'Or - Yonne
51%
Dordogne - Haute-Vienne
51%
Indre - Loir-et-Cher
51%
Loire - Saône-et-Loire
51%
Nièvre - Yonne
51%
Seine-et-Marne - Yonne
51%
Allier - Saône-et-Loire
50%
Ardèche - Lozère
50%
Aveyron - Lot
50%
Cantal - Haute-Loire
50%
Cantal - Lozère
50%
Creuse - Haute-Vienne
50%
Haute-Loire - Puy-de-Dôme
50%
Indre-et-Loire - Loir-et-Cher
50%
Indre-et-Loire - Vienne
50%
Indre - Haute-Vienne
50%
Allier - Cher
49%
Aube - Côte-d'Or
49%
Aube - Yonne
49%
Cher - Creuse
49%
Corrèze - Puy-de-Dôme
49%
Loiret - Yonne
49%
Allier - Creuse
48%
Bas-Rhin - Meurthe-et-Moselle
48%
Cantal - Lot
48%
Côte-d'Or - Nièvre
48%
Creuse - Puy-de-Dôme
48%
Haute-Loire - Lozère
48%
Nièvre - Loiret
48%
Corrèze - Haute-Vienne
46%
Creuse - Indre
46%
Nièvre - Saône-et-Loire
43%
Var - Vaucluse
43%
Ille-et-Vilaine - Maine-et-Loire
37%
No matching quizzes found
Score Distribution
Percent of People with Each Score
Percentile by Number Answered
Your Score History
You have not taken this quiz